[Event "Cartagena Region-ch"]
[Site "Cartagena"]
[Date "2020.02.23"]
[Round "3"]
[White "Pena Bermudez, Juan Camilo"]
[Black "Rosado Perez, Maria Jose"]
[Result "1/2-1/2"]
[WhiteElo "1963"]
[BlackElo "1811"]
[PlyCount "30"]
[EventDate "2020.02.22"]
[EventType "swiss"]
[EventRounds "5"]
[EventCountry "COL"]
[SourceTitle "CBM 195 Extra"]
[Source "ChessBase"]
[SourceDate "2020.05.31"]
[SourceVersion "1"]
[SourceVersionDate "2020.05.31"]
[SourceQuality "1"]

1. e4 c5 2. Nf3 d6 3. d4 cxd4 4. Nxd4 Nf6 5. f3 a6 6. c4 e6 7. Nc3 Be7 8. Be2 0-0 9. Be3 Nbd7 10. 0-0 Qc7 11. Qd2 b6 12. Rac1 Bb7 13. Rfd1 Ne5 14. b4 Rac8 15. Na4 Nfd7 1/2-1/2

[Event "Bolivar Region-ch U20"]
[Site "Bolivar"]
[Date "2020.02.02"]
[Round "5.3"]
[White "Brito Carrascal, Isabela"]
[Black "Pena Bermudez, Juan Camilo"]
[Result "0-1"]
[WhiteElo "1564"]
[BlackElo "1963"]
[PlyCount "60"]
[EventDate "2020.02.01"]
[EventType "swiss"]
[EventRounds "5"]
[EventCountry "COL"]
[SourceTitle "EXT 2024"]
[Source "ChessBase"]
[SourceDate "2023.10.10"]
[SourceVersion "1"]
[SourceVersionDate "2023.10.10"]
[SourceQuality "1"]

1. e4 d6 2. d4 Nf6 3. Nc3 g6 4. Nf3 Bg7 5. Be2 0-0 6. 0-0 Nc6 7. h3 e5 8. dxe5 dxe5 9. Be3 Qe7 10. Qc1 Rd8 11. Bg5 Nd4 12. Nxd4 exd4 13. Nd5 Rxd5 14. exd5 Qxe2 15. Re1 Qb5 16. Bxf6 Bxf6 17. Qf4 Kg7 18. Qxc7 Bf5 19. g4 Bd7 20. a4 Qxd5 21. Qf4 Bc6 22. Qh2 h5 23. Kf1 Rg8 24. Qf4 Qh1+ 25. Ke2 Re8+ 26. Qe3 Rxe3+ 27. fxe3 Qg2+ 28. Kd3 Qe4+ 29. Kd2 dxe3+ 30. Rxe3 Bg5 0-1

[Event "Bolivar Region-ch U20"]
[Site "Bolivar"]
[Date "2020.02.01"]
[Round "1.2"]
[White "Nunez Correcha, Daniela"]
[Black "Pena Bermudez, Juan Camilo"]
[Result "0-1"]
[WhiteElo "1296"]
[BlackElo "1963"]
[PlyCount "68"]
[EventDate "2020.02.01"]
[EventType "swiss"]
[EventRounds "5"]
[EventCountry "COL"]
[SourceTitle "EXT 2024"]
[Source "ChessBase"]
[SourceDate "2023.10.10"]
[SourceVersion "1"]
[SourceVersionDate "2023.10.10"]
[SourceQuality "1"]

1. e4 c5 2. Nf3 d6 3. d4 cxd4 4. Nxd4 Nf6 5. f3 g6 6. Be3 Bg7 7. Be2 Nc6 8. c4 Qa5+ 9. Nc3 Nxd4 10. Bxd4 0-0 11. Qd2 Be6 12. Rc1 Rfc8 13. b3 a6 14. 0-0 b5 15. Nb1 Qxd2 16. Nxd2 Nxe4 17. Bxg7 Nxd2 18. Rfd1 Nxb3 19. axb3 Kxg7 20. Re1 bxc4 21. Bxc4 Bxc4 22. Rxc4 Rxc4 23. bxc4 Kf6 24. Kf2 a5 25. Ra1 g5 26. Ra4 Ke5 27. Ke3 f5 28. g3 f4+ 29. gxf4+ gxf4+ 30. Kd3 e6 31. h3 d5 32. c5 Rb8 33. Kc3 Rb4 34. Kd2 Rxa4 0-1

[Event "Bolivar Region-ch U20"]
[Site "Bolivar"]
[Date "2020.02.01"]
[Round "2.2"]
[White "Pena Bermudez, Juan Camilo"]
[Black "Diaz Bermudez, Luis Fernando"]
[Result "1-0"]
[WhiteElo "1963"]
[BlackElo "1350"]
[PlyCount "91"]
[EventDate "2020.02.01"]
[EventType "swiss"]
[EventRounds "5"]
[EventCountry "COL"]
[SourceTitle "EXT 2024"]
[Source "ChessBase"]
[SourceDate "2023.10.10"]
[SourceVersion "1"]
[SourceVersionDate "2023.10.10"]
[SourceQuality "1"]

1. e4 c5 2. Nf3 d6 3. d4 cxd4 4. Nxd4 Nf6 5. f3 e5 6. Bb5+ Bd7 7. Bxd7+ Qxd7 8. Nf5 d5 9. Bg5 dxe4 10. Bxf6 Qxd1+ 11. Kxd1 gxf6 12. fxe4 Nc6 13. Nc3 0-0-0+ 14. Nd5 Nb4 15. c4 Nd3 16. Kc2 Nc5 17. Nxf6 Ne6 18. Rad1 Nd4+ 19. Nxd4 exd4 20. Nd5 Bg7 21. Ne7+ Kb8 22. Nf5 Be5 23. Rd3 Rc8 24. Kb3 Rhd8 25. g3 Rc6 26. Rhd1 Rb6+ 27. Kc2 Rc6 28. b3 Ra6 29. a4 Rf6 30. R1d2 b6 31. Nxd4 Rxd4 32. Rxd4 Bxd4 33. Rxd4 Rf2+ 34. Rd2 Rf3 35. Rd7 Rf2+ 36. Kc3 h5 37. Kb4 a6 38. a5 Rf6 39. e5 bxa5+ 40. Kxa5 Re6 41. Rxf7 Rxe5+ 42. Kxa6 Re2 43. b4 Ra2+ 44. Kb6 Kc8 45. c5 Rxh2 46. c6 1-0

[Event "COL-ch U18"]
[Site "Cali"]
[Date "2018.04.12"]
[Round "5"]
[White "Ribero, Guillermo Andres"]
[Black "Pena Bermudez, Juan Camilo"]
[Result "1/2-1/2"]
[WhiteElo "1885"]
[BlackElo "1841"]
[PlyCount "67"]
[EventDate "2018.04.10"]
[EventType "tourn"]
[EventRounds "9"]
[EventCountry "COL"]
[SourceTitle "CBM 184 Extra"]
[Source "ChessBase"]
[SourceDate "2018.06.28"]
[SourceVersion "1"]
[SourceVersionDate "2018.06.28"]
[SourceQuality "1"]

1. e4 c6 2. d4 d5 3. exd5 cxd5 4. c4 e6 5. Nc3 Nf6 6. Nf3 Be7 7. Bd3 dxc4 8. Bxc4 0-0 9. 0-0 Nc6 10. Re1 b6 11. a3 Bb7 12. Bf4 Rc8 13. Qd3 Na5 14. Ba6 Nd5 15. Bxb7 Nxf4 16. Qe4 Nxb7 17. Qxf4 Bd6 18. Qe4 Na5 19. d5 exd5 20. Nxd5 Re8 21. Qg4 Bxh2+ 22. Kxh2 Qxd5 23. Rac1 Qd6+ 24. g3 Rcd8 25. Rcd1 Qf6 26. b4 Nc6 27. Rxe8+ Rxe8 28. Qd7 Rf8 29. Kg2 g6 30. Rd6 Qxf3+ 31. Kxf3 Ne5+ 32. Ke4 Nxd7 33. Rxd7 a5 34. bxa5 1/2-1/2

[Event "COL-ch sf1 U18"]
[Site "Cartagena"]
[Date "2018.03.03"]
[Round "4.2"]
[White "Pena Bermudez, Juan Camilo"]
[Black "Ribero, Guillermo Andres"]
[Result "0-1"]
[WhiteElo "1863"]
[BlackElo "1795"]
[PlyCount "77"]
[EventDate "2018.03.01"]
[EventType "swiss"]
[EventRounds "6"]
[EventCountry "COL"]
[SourceTitle "EXT 2024"]
[Source "ChessBase"]
[SourceDate "2023.10.10"]
[SourceVersion "1"]
[SourceVersionDate "2023.10.10"]
[SourceQuality "1"]

1. e4 c5 2. Nf3 d6 3. d4 cxd4 4. Nxd4 Nf6 5. Nc3 g6 6. Be3 Bg7 7. f3 Nc6 8. Qd2 0-0 9. Bc4 Bd7 10. 0-0-0 Rc8 11. Bb3 Nxd4 12. Bxd4 b5 13. Kb1 a5 14. a4 Qe8 15. axb5 Bxb5 16. Nd5 Nxd5 17. Bxd5 Bxd4 18. Qxd4 Bc6 19. h4 Bxd5 20. exd5 Qb5 21. Rd2 Rc4 22. Qd3 Rb8 23. c3 Qb3 24. Qc2 Qxc3 25. Qxc3 Rxc3 26. Ka2 Rc5 27. Re1 Kf8 28. Rd4 Rbb5 29. Rde4 Rb7 30. Rd4 Rbb5 31. Rde4 Rxd5 32. Rxe7 Rd4 33. R7e4 Rxe4 34. Rxe4 Re5 35. Rf4 Ke7 36. Ka3 f6 37. g3 h5 38. b4 axb4+ 39. Kxb4 0-1

[Event "Ibague sf3 U18"]
[Site "Ibague"]
[Date "2017.03.24"]
[Round "3.4"]
[White "Pena Bermudez, Juan Camilo"]
[Black "Angulo Castillo, Francisco"]
[Result "1-0"]
[WhiteElo "1897"]
[BlackElo "1559"]
[PlyCount "94"]
[EventDate "2017.03.23"]
[EventType "swiss"]
[EventRounds "6"]
[EventCountry "COL"]
[SourceTitle "EXT 2024"]
[Source "ChessBase"]
[SourceDate "2023.10.10"]
[SourceVersion "1"]
[SourceVersionDate "2023.10.10"]
[SourceQuality "1"]

1. e4 d5 2. exd5 Qxd5 3. Nc3 Qa5 4. d4 c6 5. Nf3 Nf6 6. Bc4 e6 7. 0-0 Bd6 8. Bd2 Qc7 9. Re1 0-0 10. Ne5 Nbd7 11. Qe2 Nd5 12. Rad1 N7f6 13. a3 b5 14. Bd3 h6 15. Qf3 Nh7 16. Kh1 Nxc3 17. Bxc3 Bb7 18. Qh5 Nf6 19. Qh3 a6 20. Re3 c5 21. Ng4 Nxg4 22. Qxg4 f5 23. Qh3 Rae8 24. dxc5 Bxc5 25. Rg3 Rf7 26. Qxh6 Bxf2 27. Rg6 Qd7 28. Be2 Bd5 29. Bh5 Rc8 30. Qf4 Qa7 31. Rd3 Rc4 32. Qe5 Re4 33. Qd6 Qc7 34. Qxc7 Rxc7 35. Bf3 Re3 36. Rxe3 Bxe3 37. Be5 Rxc2 38. h4 Bxf3 39. gxf3 Bh6 40. Rxe6 Rf2 41. Rxa6 Rxf3 42. Kg2 Re3 43. Bc3 Rd3 44. Ra5 Rd5 45. a4 Be3 46. Rxb5 Rxb5 47. axb5 g6 1-0

[Event "Ibague sf3 U18"]
[Site "Ibague"]
[Date "2017.03.23"]
[Round "6.2"]
[White "Pena Bermudez, Juan Camilo"]
[Black "Cardoso Cardoso, Jose Gabriel"]
[Result "0-1"]
[WhiteElo "1897"]
[BlackElo "2092"]
[PlyCount "58"]
[EventDate "2017.03.23"]
[EventType "swiss"]
[EventRounds "6"]
[EventCountry "COL"]
[SourceTitle "EXT 2024"]
[Source "ChessBase"]
[SourceDate "2023.10.10"]
[SourceVersion "1"]
[SourceVersionDate "2023.10.10"]
[SourceQuality "1"]

1. e4 c5 2. Nf3 d6 3. d4 cxd4 4. Nxd4 Nf6 5. Nc3 a6 6. f3 e5 7. Nb3 Be6 8. Be3 h5 9. Nd5 Nxd5 10. exd5 Bf5 11. Bd3 Bxd3 12. Qxd3 Be7 13. 0-0 Nd7 14. a4 a5 15. Kh1 0-0 16. Nd2 Bg5 17. f4 exf4 18. Bxf4 Bxf4 19. Rxf4 Ne5 20. Qh3 Qg5 21. Raf1 Ng4 22. Ne4 Qxd5 23. Ng3 g6 24. Rf5 Qe6 25. Rb5 Qe3 26. Qh4 Nf2+ 27. Rxf2 Qxf2 28. h3 Rae8 29. Rxh5 Re1+ 0-1

[Event "COL-ch U20"]
[Site "Bogota"]
[Date "2017.03.19"]
[Round "6"]
[White "Pena Bermudez, Juan Camilo"]
[Black "Gomez Guardo, Cristian"]
[Result "1-0"]
[WhiteElo "1897"]
[BlackElo "1935"]
[PlyCount "75"]
[EventDate "2017.03.16"]
[EventType "swiss"]
[EventRounds "7"]
[EventCountry "COL"]
[SourceTitle "CBM 177 Extra"]
[Source "ChessBase"]
[SourceDate "2017.04.27"]
[SourceVersion "1"]
[SourceVersionDate "2017.04.27"]
[SourceQuality "1"]

1. e4 d6 2. d4 g6 3. c4 Bg7 4. Be3 e5 5. Ne2 Nc6 6. Nbc3 exd4 7. Nxd4 Nxd4 8. Bxd4 Nf6 9. f3 0-0 10. Qd2 Be6 11. 0-0-0 Nd7 12. Bxg7 Kxg7 13. h4 h5 14. Be2 Ne5 15. g4 hxg4 16. f4 Nxc4 17. Bxc4 Bxc4 18. Qd4+ Qf6 19. Qxc4 Qxf4+ 20. Kb1 Rac8 21. Nd5 Qe5 22. Rdf1 Rfe8 23. Nc3 Re7 24. h5 Rh8 25. hxg6 Rxh1 26. Rxh1 Kxg6 27. Qe2 f5 28. Ka1 fxe4 29. Qxg4+ Qg5 30. Qd1 Kf7 31. Rf1+ Ke8 32. Qa4+ c6 33. Qxa7 Rd7 34. Nxe4 Qg2 35. Re1 Kf7 36. Qd4 d5 37. Qf6+ Kg8 38. Ng5 1-0

[Event "COL-ch Superate fin-B"]
[Site "Bogota"]
[Date "2016.11.17"]
[Round "5.5"]
[White "Pena Bermudez, Juan Camilo"]
[Black "Rincon R, Javier Duvan"]
[Result "0-1"]
[WhiteElo "1982"]
[BlackElo "1865"]
[PlyCount "142"]
[EventDate "2016.11.15"]
[EventType "swiss"]
[EventRounds "5"]
[EventCountry "COL"]
[SourceTitle "EXT 2024"]
[Source "ChessBase"]
[SourceDate "2023.10.10"]
[SourceVersion "1"]
[SourceVersionDate "2023.10.10"]
[SourceQuality "1"]

1. Nf3 Nf6 2. c4 e6 3. Nc3 d5 4. d4 Nbd7 5. e3 Bb4 6. Bd3 0-0 7. 0-0 dxc4 8. Bxc4 c5 9. a3 cxd4 10. exd4 Be7 11. Re1 Nb6 12. Bd3 Nbd5 13. Bc2 b6 14. Qd3 a5 15. Ne5 Ba6 16. Qh3 Nxc3 17. bxc3 Rc8 18. Bg5 g6 19. Bh6 Nd5 20. c4 Bxc4 21. Bxf8 Bxf8 22. Rac1 b5 23. a4 Nb4 24. axb5 Nxc2 25. Rxc2 Bxb5 26. Nxf7 Qd7 27. Rxc8 Qxc8 28. Ng5 Qd7 29. Qb3 a4 30. Qa2 Qd5 31. Qd2 Bc6 32. f3 Bd7 33. Re5 Qd6 34. Qf4 Qe7 35. Qe4 a3 36. Ra5 a2 37. Qe1 Qd6 38. Rxa2 Qxd4+ 39. Kh1 Bb4 40. Qb1 Qd5 41. Ne4 Be7 42. Rd2 Qb5 43. Rb2 Qd5 44. Rb8+ Kg7 45. Qb2+ e5 46. h3 Bc6 47. Kh2 h5 48. Qb6 Qd7 49. Qb3 Bd5 50. Qd3 Qc6 51. Rb2 Qe6 52. Rd2 Bc6 53. Re2 Qf5 54. Qc3 Bxe4 55. Rxe4 Bf6 56. Qc7+ Kh6 57. Qc6 Bg5 58. Qd5 Qf6 59. Qd3 h4 60. Rb4 Qc6 61. Rb1 Qf6 62. Qe4 Bf4+ 63. Kh1 Qg5 64. Kg1 Qg3 65. Kf1 Qh2 66. Rb7 Qh1+ 67. Kf2 Bg3+ 68. Ke3 Qxg2 69. Kd3 Qxh3 70. Qb4 Qf5+ 71. Ke2 Qc2+ 0-1

[Event "COL-ch Superate fin-B"]
[Site "Bogota"]
[Date "2016.11.16"]
[Round "3.6"]
[White "Pena Bermudez, Juan Camilo"]
[Black "Kevin Esteban, Perez Lombana"]
[Result "1-0"]
[WhiteElo "1982"]
[BlackElo "1302"]
[PlyCount "47"]
[EventDate "2016.11.15"]
[EventType "swiss"]
[EventRounds "5"]
[EventCountry "COL"]
[SourceTitle "EXT 2024"]
[Source "ChessBase"]
[SourceDate "2023.10.10"]
[SourceVersion "1"]
[SourceVersionDate "2023.10.10"]
[SourceQuality "1"]

1. Nf3 e6 2. d4 Nf6 3. c4 b6 4. Nc3 Bb7 5. e3 Be7 6. Bd3 0-0 7. 0-0 d6 8. Qe2 Nbd7 9. e4 e5 10. d5 a5 11. Ne1 Re8 12. f4 c6 13. Nf3 Qc7 14. Bd2 Rad8 15. Kh1 Nf8 16. f5 h6 17. g4 N8h7 18. Rg1 Nd7 19. g5 hxg5 20. Nxg5 Nxg5 21. Bxg5 Bxg5 22. Rxg5 f6 23. Rxg7+ Kxg7 24. Qg4+ 1-0

[Event "COL-ch Superate fin-B"]
[Site "Bogota"]
[Date "2016.11.15"]
[Round "1.3"]
[White "Pena Bermudez, Juan Camilo"]
[Black "Cabrera, Alexis Jr"]
[Result "1-0"]
[WhiteElo "1982"]
[BlackElo "1472"]
[PlyCount "39"]
[EventDate "2016.11.15"]
[EventType "swiss"]
[EventRounds "5"]
[EventCountry "COL"]
[SourceTitle "EXT 2024"]
[Source "ChessBase"]
[SourceDate "2023.10.10"]
[SourceVersion "1"]
[SourceVersionDate "2023.10.10"]
[SourceQuality "1"]

1. Nf3 Nc6 2. d4 Nf6 3. c4 d5 4. Nc3 e6 5. Bf4 Bb4 6. e3 Ne4 7. Qc2 Nxc3 8. bxc3 Ba5 9. Bd3 h6 10. 0-0 dxc4 11. Bxc4 0-0 12. Rab1 Ne7 13. Rb5 Bb6 14. Rh5 Nf5 15. g4 g6 16. Rh3 e5 17. Nxe5 Qf6 18. Bxh6 Nxh6 19. Rxh6 Qg5 20. Rxg6+ 1-0

[Event "COL-ch U16"]
[Site "Bogota"]
[Date "2016.06.16"]
[Round "5"]
[White "Pena Bermudez, Juan Camilo"]
[Black "Avila Pavas, Santiago"]
[Result "0-1"]
[WhiteElo "1895"]
[BlackElo "2082"]
[PlyCount "70"]
[EventDate "2016.06.14"]
[EventType "tourn"]
[EventRounds "9"]
[EventCountry "COL"]
[SourceTitle "EXT 2018"]
[Source "ChessBase"]
[SourceDate "2017.10.13"]
[SourceVersion "1"]
[SourceVersionDate "2017.10.13"]
[SourceQuality "1"]

1. Nf3 c5 2. e4 g6 3. d3 Bg7 4. g3 Nc6 5. Bg2 d6 6. 0-0 Nf6 7. c3 0-0 8. Nbd2 Rb8 9. Nh4 b5 10. f4 Qb6 11. Kh1 Bg4 12. Qe1 Be6 13. f5 Bd7 14. Ndf3 Ng4 15. Qe2 Nge5 16. Nxe5 Nxe5 17. g4 Bc6 18. g5 Rfe8 19. f6 Bh8 20. Be3 Qd8 21. d4 Nc4 22. d5 Bxd5 23. b3 Nxe3 24. Qxe3 exf6 25. Rad1 Bxe4 26. Bxe4 Qe7 27. gxf6 Qxe4+ 28. Qxe4 Rxe4 29. Ng2 Re6 30. Rd2 Rd8 31. Rdf2 d5 32. Ne1 Rdd6 33. Nd3 Rxf6 34. Nxc5 Rxf2 35. Rxf2 Bxc3 0-1

[Event "COL-ch U16"]
[Site "Bogota"]
[Date "2016.06.15"]
[Round "2"]
[White "Cardoso Cardoso, Jose Gabriel"]
[Black "Pena Bermudez, Juan Camilo"]
[Result "0-1"]
[WhiteElo "1989"]
[BlackElo "1895"]
[PlyCount "76"]
[EventDate "2016.06.14"]
[EventType "tourn"]
[EventRounds "9"]
[EventCountry "COL"]
[SourceTitle "EXT 2018"]
[Source "ChessBase"]
[SourceDate "2017.10.13"]
[SourceVersion "1"]
[SourceVersionDate "2017.10.13"]
[SourceQuality "1"]

1. d4 d6 2. e4 Nf6 3. f3 g6 4. Be3 Nbd7 5. Qd2 c6 6. h4 b5 7. c4 bxc4 8. Na3 d5 9. e5 Nh5 10. Ne2 Ng7 11. g4 h5 12. Ng3 e6 13. Bg2 Qb6 14. 0-0 Bb4 15. Qf2 Ba6 16. Rab1 Be7 17. Ne2 Qd8 18. g5 Qa5 19. Nc2 Rb8 20. Nc3 0-0 21. Bh3 Rb7 22. Bd2 Qc7 23. f4 Rfb8 24. Bc1 c5 25. f5 gxf5 26. Bxf5 cxd4 27. Bxe6 fxe6 28. Qf7+ Kh8 29. Qg6 Nf8 30. Qh6+ Kg8 31. g6 Nxg6 32. Qxg6 Bc5 33. Na4 d3+ 34. Ne3 c3 35. Nxc3 Qxe5 36. Re1 Rf8 37. Ncxd5 exd5 38. Kg2 Rf6 0-1

[Event "COL-ch U16"]
[Site "Bogota"]
[Date "2016.06.15"]
[Round "3"]
[White "Pena Bermudez, Juan Camilo"]
[Black "Ballesteros Lora, Ruber"]
[Result "1-0"]
[WhiteElo "1895"]
[BlackElo "1740"]
[PlyCount "123"]
[EventDate "2016.06.14"]
[EventType "tourn"]
[EventRounds "9"]
[EventCountry "COL"]
[SourceTitle "EXT 2018"]
[Source "ChessBase"]
[SourceDate "2017.10.13"]
[SourceVersion "1"]
[SourceVersionDate "2017.10.13"]
[SourceQuality "1"]

1. Nf3 c6 2. d3 d5 3. Nbd2 g6 4. g3 Bg7 5. c3 e5 6. e4 Ne7 7. Qc2 Nd7 8. Bg2 b5 9. a4 Qb6 10. axb5 Qxb5 11. c4 dxc4 12. Nxc4 0-0 13. Ra5 Qb8 14. Be3 c5 15. 0-0 Nc6 16. Ra3 Nd4 17. Nxd4 cxd4 18. Bd2 Nb6 19. Na5 Be6 20. f4 Rc8 21. Qd1 f6 22. Qb1 Qc7 23. Rc1 Qd7 24. f5 Bf7 25. Bh3 Rxc1+ 26. Qxc1 Qb5 27. fxg6 hxg6 28. Nc6 Bf8 29. Nxa7 Qc5 30. Qxc5 Bxc5 31. b4 Bd6 32. Nb5 Rxa3 33. Nxa3 Bb3 34. Nc4 Bc7 35. Kf2 Kf7 36. Na5 Ba4 37. Nb7 Bb5 38. Nc5 Bd6 39. Ke2 Bxc5 40. bxc5 Na4 41. Bb4 Nb2 42. Kd2 Ke8 43. Bf1 f5 44. exf5 gxf5 45. Kc2 Na4 46. Bh3 f4 47. gxf4 exf4 48. Bg2 Kd7 49. h4 Ke6 50. Bf3 Ke5 51. h5 Be8 52. h6 Kf6 53. h7 Kg7 54. Be4 f3 55. Kd2 Nc3 56. Bxf3 Kxh7 57. Bxc3 dxc3+ 58. Kxc3 Kg7 59. c6 Kf6 60. c7 Bd7 61. Bb7 Ke7 62. c8Q 1-0

[Event "COL pre olympic sf2"]
[Site "Cartagena"]
[Date "2016.05.08"]
[Round "8"]
[White "Pena Bermudez, Juan Camilo"]
[Black "De la Rosa, Eugenio"]
[Result "0-1"]
[WhiteElo "1880"]
[BlackElo "1611"]
[PlyCount "84"]
[EventDate "2016.05.04"]
[EventType "swiss"]
[EventRounds "9"]
[EventCountry "COL"]
[SourceTitle "CBM 172 Extra"]
[Source "ChessBase"]
[SourceDate "2016.06.21"]
[SourceVersion "1"]
[SourceVersionDate "2016.06.21"]
[SourceQuality "1"]

1. Nf3 Nc6 2. d4 d5 3. c4 Nf6 4. cxd5 Qxd5 5. Nc3 Qh5 6. e4 a6 7. Bf4 Qa5 8. Qd2 Bg4 9. Be2 e6 10. 0-0 0-0-0 11. Be3 Bb4 12. Ng5 Bxe2 13. Qxe2 Nxd4 14. Bxd4 Qxg5 15. Be3 Qg6 16. f3 h5 17. Rfc1 h4 18. h3 Nh7 19. Qc4 Bd6 20. f4 Qg3 21. Qe2 Bxf4 22. Bxf4 Qxf4 23. Rf1 Qg3 24. Rac1 Ng5 25. Kh1 Rd3 26. Rc2 Rhd8 27. Rfc1 Re3 28. Qf1 c6 29. b4 f6 30. b5 axb5 31. Nxb5 Kb8 32. Nc3 Rdd3 33. Ne2 Nxe4 34. Nf4 Qg5 35. Kh2 Qe5 36. Kg1 Rc3 37. Rxc3 Rxc3 38. Rd1 Qc5+ 39. Kh2 Qe5 40. Kg1 Ng3 41. Qf2 Qe3 42. Rd8+ Kc7 0-1

[Event "COL pre olympic sf2"]
[Site "Cartagena"]
[Date "2016.05.06"]
[Round "5"]
[White "Fernandez, William"]
[Black "Pena Bermudez, Juan Camilo"]
[Result "0-1"]
[WhiteElo "1613"]
[BlackElo "1880"]
[PlyCount "72"]
[EventDate "2016.05.04"]
[EventType "swiss"]
[EventRounds "9"]
[EventCountry "COL"]
[SourceTitle "CBM 172 Extra"]
[Source "ChessBase"]
[SourceDate "2016.06.21"]
[SourceVersion "1"]
[SourceVersionDate "2016.06.21"]
[SourceQuality "1"]

1. d4 d6 2. g3 g6 3. Bg2 Bg7 4. c4 c5 5. e3 Nc6 6. Ne2 cxd4 7. exd4 Nh6 8. Nbc3 Nf5 9. Be3 0-0 10. 0-0 Nxe3 11. fxe3 Bd7 12. Rc1 e5 13. d5 Ne7 14. Kh1 f5 15. Qb3 b6 16. Qa3 Rf6 17. g4 Bh6 18. Ne4 Rf8 19. g5 fxe4 20. gxh6 Bg4 21. Ng3 Bf3 22. Nxe4 Bxe4 23. Bxe4 Qd7 24. Qd3 Qh3 25. b4 a5 26. c5 axb4 27. Bg2 Qxh6 28. cxd6 Nf5 29. d7 Ng3+ 30. Kg1 Nxf1 31. Bxf1 Rxa2 32. Bg2 Qg5 33. Qe4 Rxg2+ 34. Kh1 Rxh2+ 35. Kxh2 Rf2+ 36. Kh1 Qh5+ 0-1

[Event "COL-ch sf2 U16"]
[Site "Cartagena"]
[Date "2016.05.01"]
[Round "6.1"]
[White "Marcial Torres, Jesus"]
[Black "Pena Bermudez, Juan Camilo"]
[Result "1/2-1/2"]
[WhiteElo "2037"]
[BlackElo "1880"]
[PlyCount "60"]
[EventDate "2016.04.28"]
[EventType "swiss"]
[EventRounds "6"]
[EventCountry "COL"]
[SourceTitle "EXT 2024"]
[Source "ChessBase"]
[SourceDate "2023.10.10"]
[SourceVersion "1"]
[SourceVersionDate "2023.10.10"]
[SourceQuality "1"]

1. d4 d6 2. c4 e5 3. d5 Nd7 4. Nc3 f5 5. g3 Ngf6 6. Bg2 Be7 7. e3 0-0 8. Nge2 a5 9. 0-0 Nc5 10. f4 e4 11. Nd4 Qe8 12. h3 Kh8 13. Kh2 Nfd7 14. g4 g6 15. g5 Rf7 16. h4 Bf8 17. Nce2 Nd3 18. Ng3 N7c5 19. Bh3 Bg7 20. h5 Qe7 21. Kg2 Kg8 22. Rh1 Ra6 23. hxg6 hxg6 24. Bxf5 Bxf5 25. Ndxf5 gxf5 26. Qh5 Kf8 27. g6 Rf6 28. Nxf5 Rxf5 29. Qxf5+ Kg8 30. Qc8+ Qf8 1/2-1/2

[Event "COL-ch sf2 U16"]
[Site "Cartagena"]
[Date "2016.04.30"]
[Round "5.1"]
[White "Pena Bermudez, Juan Camilo"]
[Black "Ballesteros Lora, Ruber"]
[Result "1/2-1/2"]
[WhiteElo "1880"]
[BlackElo "1698"]
[PlyCount "70"]
[EventDate "2016.04.28"]
[EventType "swiss"]
[EventRounds "6"]
[EventCountry "COL"]
[SourceTitle "EXT 2024"]
[Source "ChessBase"]
[SourceDate "2023.10.10"]
[SourceVersion "1"]
[SourceVersionDate "2023.10.10"]
[SourceQuality "1"]

1. Nf3 c6 2. d3 d5 3. Nbd2 g6 4. e4 Bg7 5. g3 e5 6. Bg2 Ne7 7. 0-0 0-0 8. Re1 d4 9. Nc4 Nd7 10. a4 c5 11. Bd2 Nc6 12. h4 Nb6 13. b3 Nxc4 14. bxc4 b6 15. Nh2 h5 16. Rf1 Qd6 17. f4 exf4 18. gxf4 Bb7 19. Qe1 Bh6 20. e5 Qe7 21. Qg3 Qd7 22. e6 Qxe6 23. f5 Be3+ 24. Kh1 Qe8 25. Rae1 Qb8 26. Qxb8 Raxb8 27. Bxe3 dxe3 28. Rxe3 Nd4 29. fxg6 fxg6 30. Rg3 Bxg2+ 31. Kxg2 Kg7 32. c3 Ne2 33. Re3 Rxf1 34. Nxf1 Nxc3 35. Re7+ Kf6 1/2-1/2

[Event "COL-ch sf2 U16"]
[Site "Cartagena"]
[Date "2016.04.30"]
[Round "4.1"]
[White "Ruiz Jaraba, Gabriel"]
[Black "Pena Bermudez, Juan Camilo"]
[Result "0-1"]
[WhiteElo "1574"]
[BlackElo "1880"]
[PlyCount "86"]
[EventDate "2016.04.28"]
[EventType "swiss"]
[EventRounds "6"]
[EventCountry "COL"]
[SourceTitle "EXT 2024"]
[Source "ChessBase"]
[SourceDate "2023.10.10"]
[SourceVersion "1"]
[SourceVersionDate "2023.10.10"]
[SourceQuality "1"]

1. Nf3 d6 2. d4 g6 3. c4 Bg7 4. Nc3 Bg4 5. Ng5 Nc6 6. h3 Bc8 7. Nf3 Nf6 8. e4 0-0 9. Bf4 Nxd4 10. Qxd4 e5 11. Nxe5 Nd7 12. Qd2 Bxe5 13. Bxe5 Nxe5 14. f4 Nc6 15. Nd5 Re8 16. Nc3 f5 17. Bd3 fxe4 18. Bxe4 Bf5 19. 0-0 Rxe4 20. Nxe4 Bxe4 21. Rfe1 Bf5 22. g4 Bd7 23. Qd5+ Kg7 24. Re2 Qf6 25. Rae1 Rf8 26. Rf2 Qh4 27. Re3 Rf7 28. a3 a5 29. b3 b6 30. Qd3 Qf6 31. Re1 Nd4 32. g5 Ne2+ 33. Qxe2 Qf5 34. Qb2+ Kg8 35. Re3 Qc5 36. Ref3 Bc6 37. Kg2 Rxf4 38. Qe2 Rxf3 39. Rxf3 Qxg5+ 40. Kf2 Bxf3 41. Kxf3 Qh5+ 42. Kf2 Qxe2+ 43. Kxe2 Kf7 0-1

[Event "COL-ch sf2 U16"]
[Site "Cartagena"]
[Date "2016.04.29"]
[Round "2.2"]
[White "Cotes Ontibon, Juan Sebastian"]
[Black "Pena Bermudez, Juan Camilo"]
[Result "0-1"]
[WhiteElo "1619"]
[BlackElo "1880"]
[PlyCount "68"]
[EventDate "2016.04.28"]
[EventType "swiss"]
[EventRounds "6"]
[EventCountry "COL"]
[SourceTitle "EXT 2024"]
[Source "ChessBase"]
[SourceDate "2023.10.10"]
[SourceVersion "1"]
[SourceVersionDate "2023.10.10"]
[SourceQuality "1"]

1. e4 d6 2. d4 Nf6 3. Nc3 g6 4. Nf3 Bg7 5. Be2 0-0 6. 0-0 Bg4 7. Be3 Nc6 8. h3 Bxf3 9. Bxf3 e5 10. dxe5 dxe5 11. Qxd8 Raxd8 12. Rad1 Nd4 13. Bxd4 exd4 14. Nd5 c6 15. Nf4 Nd7 16. Ne2 Ne5 17. Kh1 c5 18. b4 c4 19. Rxd4 Nxf3 20. Rxd8 Rxd8 21. gxf3 Rd2 22. Nf4 Rxc2 23. Nd5 Rxa2 24. f4 c3 25. e5 c2 26. Nf6+ Bxf6 27. exf6 Rb2 28. Kg2 Rb1 29. Rxb1 cxb1Q 30. Kg3 Qxb4 31. Kg4 Qc3 32. Kg5 Qf3 33. f5 h6+ 34. Kh4 g5# 0-1

[Event "COL-ch U17"]
[Site "Cartagena"]
[Date "2015.11.26"]
[Round "1.4"]
[White "Iriarte Espeleta, Sebastian"]
[Black "Pena Bermudez, Juan Camilo"]
[Result "0-1"]
[WhiteElo "1451"]
[BlackElo "1795"]
[PlyCount "68"]
[EventDate "2015.11.26"]
[EventType "swiss"]
[EventRounds "6"]
[EventCountry "COL"]
[SourceTitle "EXT 2024"]
[Source "ChessBase"]
[SourceDate "2023.10.10"]
[SourceVersion "1"]
[SourceVersionDate "2023.10.10"]
[SourceQuality "1"]

1. d4 d6 2. c4 e5 3. Nc3 exd4 4. Qxd4 Nc6 5. Qd1 g6 6. Nf3 Bg7 7. Bg5 Nf6 8. e3 0-0 9. Be2 Re8 10. 0-0 h6 11. Bh4 g5 12. Bg3 Nh5 13. Qc2 Nxg3 14. hxg3 Ne5 15. Nh2 Be6 16. f4 Nxc4 17. Bxc4 Bxc4 18. Rfe1 c6 19. Rad1 d5 20. b3 Ba6 21. Nf3 Qa5 22. Na4 Re7 23. e4 Rae8 24. e5 f6 25. Qf5 Bb5 26. Nc5 Be2 27. exf6 Qxc5+ 28. Kh2 Bxd1 29. fxe7 Bxf3 30. Qe6+ Kh7 31. Qf5+ Kh8 32. Qf7 Bh5 33. Qxh5 Rxe7 34. fxg5 Rxe1 0-1